| 000 | 00381nam a22001457a 4500 | ||
|---|---|---|---|
| 020 | _a0072191783 | ||
| 040 | _cNUST | ||
| 082 |
_a005.4469 _bPET |
||
| 100 |
_aRichard Petersen _9125124 |
||
| 245 | _aRed Hat Linux: The Complete Reference | ||
| 250 | _aSecond Edition | ||
| 260 |
_aUSA: _bMcGraw Hill, _c2002. |
||
| 650 | _2Red Hat Linux: The Complete Reference | ||
| 942 |
_2ddc _cBK |
||
| 999 |
_c610899 _d610899 |
||